Und die Sonne scheint : eine Erzählung /

Bibliographic Details
Main Author: Morshäuser, Bodo, 1953- (Author)
Format: Book
Language:German
Published: Berlin : Hanani, 2014.
Edition:1. Auflage.

MARC

Tag First Indicator Second Indicator Subfields
LEADER 00000cam a2200000Ii 4500
001 in00003460311
005 20140813150157.0
008 140509s2014 gw 000 f ger d
035 |a (OCoLC)ocn879569025 
040 |a OHX  |b eng  |e rda  |c OHX  |d CUZ  |d LTSCA  |d CUI  |d IXA  |d ZCU  |d TXA 
016 7 |a 1048239454  |2 GyFmDB 
016 7 |a 1048239454  |2 DE-101 
020 |a 3944174038 (pbk.) 
020 |a 9783944174037 (pbk.) 
035 |a (OCoLC)879569025 
050 4 |a PT2673.O665  |b U53 2014 
049 |a TXAM 
100 1 |a Morshäuser, Bodo,  |d 1953-  |e author. 
245 1 0 |a Und die Sonne scheint :  |b eine Erzählung /  |c Bodo Morshäuser. 
250 |a 1. Auflage. 
264 1 |a Berlin :  |b Hanani,  |c 2014. 
300 |a 146 pages ;  |c 20 cm 
336 |a text  |b txt  |2 rdacontent 
337 |a unmediated  |b n  |2 rdamedia 
338 |a volume  |b nc  |2 rdacarrier 
948 |a cataloged  |b h  |c 2014/8/13  |d c  |e jolivare  |f 3:01:53 pm 
994 |a C0  |b TXA 
999 f f |s d6d5ff1c-68e0-396c-890c-ad939140ac96  |i cf97c8b7-c7b5-3477-89c3-441d3e6150ca  |t 0 
952 f f |p normal  |a Texas A&M University  |b College Station  |c Sterling C. Evans Library  |d Evans: Library Stacks  |t 0  |e PT2673.O665 U53 2014  |h Library of Congress classification  |i unmediated -- volume  |m A14842712169 
998 f f |a PT2673.O665 U53 2014  |t 0  |l Evans: Library Stacks